000 01123cam a2200325 a 4500
999 _c7446
_d7446
001 7446
003 BD-JhCC
005 20180402090603.0
008 780919s1977 wiu b s000 0 eng d
035 _a(TxU-L)b10357166
035 _a(RLG)TXUL4234372-B
035 _a(BD-JhCC)7446
035 _a(CStRLIN)TXUL4234372-B
040 _aWU
_cWU
_dTxU-L
_dCStRLIN
_dCUD
_dOCoLC
_dBD-JhCC
041 _aeng
050 4 _aHC110.P6
_bW572 no.449
082 _bBAR 1977
_a920.04
100 1 _aBarker, D. W.
245 1 0 _aAchievement :
_ban anthology of ends attained
_cD. W. Barker
260 _aMadison :
_bInstitute for Research on Poverty, University of Wisconsin,
_c1977.
300 _a100 p. ;
_c28 cm.
490 1 _aDiscussion paper - Institute for Research on Poverty ;
_v449-77.
504 _aIncludes bibliographical references.
650 0 _aAmbition.
650 0 _aGoal (Psychology)
830 0 _aDiscussion papers (University of Wisconsin--Madison. Institute for Research on Poverty) ;
_v449-77.
942 _2ddc
_cBK
947 _ause
_bmatch points
_dDate in brackets or missing digits.
_zdate